Największe ulice w Wolbromiu - Statystyki

Ogólne statystyki
  • Ten quiz został rozwiązany 18 razy
  • Średni wynik to 4 z 11
Statystyki odpowiedzi
Hint Odpowiedź % Poprawnych
2.5 km Miechowska
82%
2.0 km 1 Maja
64%
1.1 km Fabryczna
45%
1.5 km Szosa Olkuska
45%
3.1 km Wyzwolenia
45%
1.8 km 20 Straconych
36%
1.9 km Armii krajowej
27%
1.9 km Garbarska
27%
0.8 km Gen. Kościuszki
18%
1.0 km Pompka
18%
0.95 km Gołębia
9%
Nie znaleziono quizów pasujących do podanych kryteriów
Rozkład punktacji
Procent ludzi z każdym wynikiem
Percentyl według liczby udzielonych odpowiedzi
Twoja historia wyników
Nie rozwiązałeś tego quizu